000 00253nam a2200109Ia 4500
005 20251222114405.0
008 251222s1900||||xx |||||||||||||| ||spa||
082 _aDVD0093/T95/2006
245 0 _aMétodo billings
264 _bRaparelli, Aldo
942 _cDVD
999 _c1792
_d1792